Shea and Singh v Drury (VO) (Record no. 69004)

MARC details
000 -LEADER
fixed length control field 01668cam a2200265 4500
001 - CONTROL NUMBER
control field ABS64833
008 - FIXED-LENGTH DATA ELEMENTS--GENERAL INFORMATION
fixed length control field 011204n2001 000 0 eng u
035 ## - SYSTEM CONTROL NUMBER
System control number (Sirsi) u115838
245 ## - TITLE STATEMENT
Title Shea and Singh v Drury (VO)
260 ## - PUBLICATION, DISTRIBUTION, ETC.
Date of publication, distribution, etc. 2001
490 ## - SERIES STATEMENT
Series statement Rating Appeals
Volume/sequential designation [2001] RA 263-271(5)
520 ## - SUMMARY, ETC.
Summary, etc. LT 11 September 2001. Number 1 Altwood Road, Maidenhead, consisted of a ground floor shop and residential flats. Flat 1 was assessed at £1,600 rateable value in 1995 rating list and no 3 at £6,100. The ratepayers sought reductions to £1,014 for no 1 and £3,045 for no 3 using £42 psm zone A, and using a comparable assessment of Tittle Row Stores in Altwood Road West which was in a secondary position and 47 Wootton Way in a main road location. The former was assessed at £80 psm zone while the latter figure was assessed at £150 psm zone. The ratepayers contended that the appeal properties were in a tertiary location and a reduction of 47.5% should be made from the figure of £80 for a secondary location to produce £42 psm zone A. That reduced value took into account the disabilities, including the waiting restrictions and the closure of the eastern end of Altwood Road. "Held, the appeals were allowed and the rateable values reduced to £1,440 for 1 Altwood Road and £5,390 for no 3.
590 ## - LOCAL NOTE (RLIN)
Local note ABS
650 ## - SUBJECT ADDED ENTRY--TOPICAL TERM
Topical term or geographic name entry element ANNUAL VALUE
650 ## - SUBJECT ADDED ENTRY--TOPICAL TERM
Topical term or geographic name entry element SHOPS
650 ## - SUBJECT ADDED ENTRY--TOPICAL TERM
Topical term or geographic name entry element Valuation
9 (RLIN) 6273
650 ## - SUBJECT ADDED ENTRY--TOPICAL TERM
Topical term or geographic name entry element EVIDENCE OF VALUE
650 ## - SUBJECT ADDED ENTRY--TOPICAL TERM
Topical term or geographic name entry element COMPARABLES
650 ## - SUBJECT ADDED ENTRY--TOPICAL TERM
Topical term or geographic name entry element ZONE A
650 ## - SUBJECT ADDED ENTRY--TOPICAL TERM
Topical term or geographic name entry element DISABILITIES
650 ## - SUBJECT ADDED ENTRY--TOPICAL TERM
Topical term or geographic name entry element COMPOSITE HEREDITAMENTS
650 ## - SUBJECT ADDED ENTRY--TOPICAL TERM
Topical term or geographic name entry element SHEA AND SINGH V DRURY (VO)
690 ## - LOCAL SUBJECT ADDED ENTRY--TOPICAL TERM (OCLC, RLIN)
Topical term or geographic name as entry element RATING AND LOCAL TAXATION-CASE LAW
942 ## - ADDED ENTRY ELEMENTS (KOHA)
Suppress in OPAC 0
Holdings
Withdrawn status Lost status Source of classification or shelving scheme Damaged status Not for loan Home library Current library Shelving location Date acquired Total Checkouts Full call number Barcode Date last seen Copy number Price effective from Koha item type
    Dewey Decimal Classification     London London Journal article 04/12/2001   ABS64833 115838-1001 06/08/2019 1 06/08/2019 Journal article